00340 a2200097 4500001001000000005001700010008004100027245009100068100001800159773006500177ART_2828720260410161928.0260409a 10aLos inicios del plan clandestino de represión en el período 1966-1973 en Argentina1 aFusca, Daiana0 tDerechos humanosg- Año III, Nº 6/A (ene. 2015)wREV22278